Transformations in social security systems /
Saved in:
| Corporate Author: | |
|---|---|
| Format: | Book |
| Language: | English |
| Published: |
Amsterdam ; Washington, DC : Tokyo : Brussels :
IOS Press ; Ohmsha ; International Institute of Administrative Sciences,
c1997.
|
| Series: | International Institute of Administrative Sciences monographs ;
v. 3. |
| Subjects: | |
| Tags: |
Add Tag
No Tags, Be the first to tag this record!
|
| LEADER | 01488aam a2200313 a 4500 | ||
|---|---|---|---|
| 001 | 007735192-4 | ||
| 005 | 20020606104010.5 | ||
| 008 | 970515s1997 ne a b 000 0 eng | ||
| 010 | |a 97072572 | ||
| 020 | |a 9051993382 (IOS Press) | ||
| 020 | |a 4274901637 (Ohmsha) | ||
| 035 | 0 | |a ocm38226591 | |
| 040 | |a DLC |c DLC | ||
| 043 | |a e------ |a n-us--- |a n-cn--- | ||
| 050 | 0 | 0 | |a HD7091 |b .T67 1997 |
| 245 | 0 | 0 | |a Transformations in social security systems / |c edited by IIAS Working Group on Social Security Systems. |
| 260 | |a Amsterdam ; |a Washington, DC : |b IOS Press ; |a Tokyo : |b Ohmsha ; |a Brussels : |b International Institute of Administrative Sciences, |c c1997. | ||
| 300 | |a ix, 125 p. : |b ill. ; |c 24 cm. | ||
| 490 | 1 | |a International Institute of Administrative Sciences monographs, |x 1382-4414 ; |v v. 3 | |
| 504 | |a Includes bibliographical references. | ||
| 650 | 0 | |a Social security |z OECD countries. | |
| 650 | 0 | |a Social security |z Europe. | |
| 650 | 0 | |a Social security |z United States. | |
| 650 | 0 | |a Social security |z Canada. | |
| 710 | 2 | |a International Institute of Administrative Sciences. |b Working Group on Social Security Systems. | |
| 776 | 0 | 8 | |i Online version: |t Transformations in social security systems. |d Amsterdam ; Washington, DC : IOS Press ; Tokyo : Ohmsha ; Brussels : International Institute of Administrative Sciences, ©1997 |w (OCoLC)654532085 |
| 830 | 0 | |a International Institute of Administrative Sciences monographs ; |v v. 3. |x 1382-4414 | |
| 988 | |a 20020608 | ||
| 906 | |0 DLC | ||


